000 00455nam a2200157Ia 4500
008 240729s9999 xx 000 0 und d
022 _a2199-9244
245 0 _aTechnische Mechanik
260 _aGermany
260 _bMagdeburger Verein für Technische Mechanik e.V.
650 _a Mechanical engineering and machinery
650 _aTechnology
856 _uhttps://doaj.org/toc/fc2e68e6b548449bb99f62cec1992c40
942 _2ddc
942 _cDOAJEJ
999 _c68599
_d68599
945 _a1
_bMadushi Gamage
_c1
_dMadushi Gamage